Adivina el país por la silueta - Estadísticas

Estadísticas generales
  • Esta prueba ha sido intentada 131 veces
  • La puntuación promedio es 8 de 16
Estadísticas de respuestas
Imagen Respuesta % Correcto
Portugal
91%
Namibia
78%
Finlandia
68%
Haití
65%
Guyana
57%
Bulgaria
55%
Corea del norte
47%
Tayikistan
47%
Botsuana
44%
Liberia
43%
Bélgica
40%
Sierra leona
27%
Lesoto
26%
Santo tomé y príncipe
26%
Camboya
22%
Samoa
22%
No se encontraron pruebas coincidentes
Distribución de puntuación
Porcentaje de gente con cada puntuación
Porcentaje por número respondido
Historial de tus puntuaciones
No has intentado esta prueba.